| Tag |
First Indicator |
Second Indicator |
Subfields |
| LEADER |
00000cam a2200000 a 4500 |
| 001 |
in00000088735 |
| 005 |
20151008065229.0 |
| 008 |
820420s1981 enkaf b 01100 eng |
| 010 |
|
|
|a 80041783
|z 80041783
|
| 015 |
|
|
|a GB***
|
| 020 |
|
|
|a 019812628X :
|c 27.50
|
| 035 |
|
|
|a (OCoLC)08451217
|
| 035 |
|
|
|9 AAK5583AM
|
| 039 |
0 |
|
|a 2
|b 3
|c 3
|d 3
|e 3
|
| 040 |
|
|
|a DLC
|c DLC
|d TXA
|d UtOrBLW
|
| 043 |
|
|
|a e-uk-en
|
| 049 |
|
|
|a TXAM
|c [1561278]
|
| 050 |
0 |
0 |
|a PR251
|b .M37
|
| 082 |
0 |
|
|a 820/.9/001
|2 19
|
| 245 |
0 |
0 |
|a Medieval studies for J.A.W. Bennett :
|b aetatis suae LXX /
|c edited by P.L. Heyworth.
|
| 264 |
|
1 |
|a Oxford :
|b Clarendon Press ;
|a New York :
|b Oxford University Press,
|c 1981.
|
| 300 |
|
|
|a viii, 425 pages, 10 unnumbered pages of plates :
|b illustrations ;
|c 23 cm.
|
| 336 |
|
|
|a text
|b txt
|2 rdacontent
|
| 337 |
|
|
|a unmediated
|b n
|2 rdamedia
|
| 338 |
|
|
|a volume
|b nc
|2 rdacarrier
|
| 504 |
|
|
|a Includes bibliographical references and index.
|
| 504 |
|
|
|a "A list of the published writings of J.A.W. Bennett": pages [395]-412.
|
| 600 |
1 |
0 |
|a Chaucer, Geoffrey,
|d -1400
|x Criticism and interpretation.
|
| 600 |
1 |
0 |
|a Bennett, J. A. W.
|q (Jack Arthur Walter)
|
| 650 |
|
0 |
|a English literature
|y Middle English, 1100-1500
|x History and criticism.
|
| 700 |
1 |
|
|a Bennett, J. A. W.
|q (Jack Arthur Walter)
|
| 700 |
1 |
|
|a Heyworth, P. L.
|
| 999 |
|
|
|a MARS
|
| 999 |
f |
f |
|s f4f1142f-da39-3b9c-93b6-34262c56f490
|i c6a5f669-81bb-37c3-8476-fe96a1ea6be8
|t 0
|
| 952 |
f |
f |
|p normal
|a Texas A&M University
|b College Station
|c Sterling C. Evans Library
|d Evans: Library Stacks
|t 0
|e PR251 .M37
|h Library of Congress classification
|i unmediated -- volume
|m A14806182629
|
| 998 |
f |
f |
|a PR251 .M37
|t 0
|l Evans: Library Stacks
|